| 000 | 00718nam a22002295a 4500 | ||
|---|---|---|---|
| 005 | 20160609132502.0 | ||
| 008 | 160609r20152014ii a fr 001 0 eng d | ||
| 020 | _a9788123924113 | ||
| 040 |
_aEG-ScBUE _beng _cEG-ScBUE |
||
| 082 | 0 | 4 |
_222 _a616.96 _bARO |
| 100 | 1 |
_aArora, D. R. _912326 |
|
| 245 | 1 | 0 |
_aMedical parasitology / _cD. R. Arora, Brij Bala Arora. |
| 250 | _a4th ed., Reprint ed. | ||
| 260 |
_aNew Delhi : _bCBC Publishers & Distributors Pvt Ltd., _c2015. |
||
| 300 |
_axviii, 285 p. : _bill. ; _c28 cm. |
||
| 500 | _aReprinted of 2014 ed. | ||
| 500 | _aIndex : p. 277-285. | ||
| 650 | 7 |
_2BUEsh _936711 _aMedical parasitology. |
|
| 653 |
_bPPhrm _cJune2016 |
||
| 700 | 1 | _aArora, Brij Bala. | |
| 942 | _2ddc | ||
| 999 |
_c21863 _d21835 |
||